Sports Quiz

Random Sports or Baseball Quiz

Boston Red Sox steals leaders Quiz Stats

 Plays Quiz not verified by Sporcle

Challenge
Share
Tweet
Score 0/10 Timer 02:00
0 Plays Today
Years Answer % Correct
2007-2013Jacoby Ellsbury
93.1%
2006-2015Dustin Pedroia
92.2%
1961-1983Carl Yastrzemski
87.3%
1907-1915Tris Speaker
83.3%
1909-1920Harry Hooper
65.7%
1972-1974Tommy Harper
54.9%
1908-1917Larry Gardner
14.7%
1933-1936Billy Werber
12.7%
1901-1907Freddy Parent
11.8%
1906-1913, 1915-1916, 1918Heinie Wagner
9.8%

You're not logged in!

Compare scores with friends on all Sporcle quizzes.
OR
Log In

You Might Also Like...

Show Comments

Extras

Top Quizzes Today


Score Distribution

Your Account Isn't Verified!

In order to create a playlist on Sporcle, you need to verify the email address you used during registration. Go to your Sporcle Settings to finish the process.

Report this User

Report this user for behavior that violates our Community Guidelines.

Details: